000 00459nam a2200169Ia 4500
003 GCL
008 140319s9999 xx 000 0 eng d
040 _aGCL /
_cGCL
082 0 4 _a629.13252
_bB C
100 1 _aBURTON, MIKE
245 1 0 _aCABIN PRESSURIZATION /
_cBURTON, MIKE
260 _a[S.N] :
_bAN LIFE PUBLISHING LTD ،
_c1993
300 _a112
650 0 4 _aPRESSURIZED COBINS (AIRCROFT)
650 0 4 _aAIRPLANES - PRESSURINGATION
942 _2ddc
_cBK
999 _c11111
_d11111